000 00303nam a22001337a 4500
008 170713b xxu||||| |||| 00| 0 eng d
020 _a0810345536
041 _aeng
080 _2
_a038
100 _a23
101 _aFJA
245 _aCONTEMPORARY GERMAN FICTION WRITERS
_cELFE,W.D
942 _2udc
_cBK
999 _c20429
_d20429